000 00481nam a22001817a 4500
003 MPLRDC
005 20220104113636.0
008 210129b ||||| |||| 00| 0 eng d
020 _a957-693-027-8
082 _a494.35 NAV
100 _aYOLANDA NAVE
245 _a新鲜上班族
_c谢凤玉译
250 _a初版一刷
260 _a台湾
_b张老师文化事业股份有限公司
_c1992
300 _b111
650 _a企业管理--人事管理
942 _cBK
_o494.35 NAV
999 _c1225
_d1215